000 00498nam a2200181Ia 4500
001 17138
005 20260306170403.0
008 260306t2022||||xx |||||||||||||| ||und||
041 _aESP
082 _a657.46
_bR63
100 _aRíos Correa, Miguel Antonio
_eAUT
245 0 _aComprobante de pago electrónico 2022:
_bemisión excepcional de notas de crédito y débito
260 _c2022
300 _a125 páginas :
_c24 cm.
650 _aGEN
654 _aCCO
942 _cLIB
_dJUS
_fJUS
_2ddc
_n
999 _c17138
_d17138